| 000 | 00974nam a2200229Ia 4500 | ||
|---|---|---|---|
| 999 |
_c39334 _d39334 |
||
| 001 | 5920 | ||
| 003 | GE_BSU | ||
| 005 | 20190820125811.0 | ||
| 008 | 181216s1969||||ge |||||||||||||| ||geo|| | ||
| 040 | _cGE_BSU | ||
| 041 | _ageo | ||
| 080 | _a821.353.1-1 ა-13 | ||
| 100 |
_aაბაშიძე, გრიგოლ _91383 |
||
| 245 |
_aლაშარელა მეცამეტე საუკუნის ქართული ქრონიკა : _bრომანი / _cგრიგოლ აბაშიძე ; რედ. ჯ. ბაჯელიძე |
||
| 264 |
_aთბილისი : _bნაკადული ; _c1969. |
||
| 300 |
_a425 გვ. ; _c20 სმ. |
||
| 653 | _aლაშარელა | ||
| 653 | _aმეცამეტე საუკუნის ქართული ქრონიკა | ||
| 653 | _aრომანი | ||
| 700 |
_aბაჯელიძე, ჯ. _eრედაქტორი _93694 |
||
| 942 |
_cBK _2udc |
||